000 00460nam a2200169Ia 4500
008 131103s9999 xx 000 0 und d
040 _aLoreto College
041 _aEnglish
082 _a891.433/THA
_bLCLIB/26286
245 _aHindi ki Pahali Kahani
_cEdited by Debesh Thakur
260 _aMeerat
_bMenaxsi Prakashan
_c1977
300 _a105 p.
_c 21 cm.
650 _aFiction - Criticism
700 _aThakur,Dibesh;ed.
850 _aLCLIB
942 _cBK
999 _c18919
_d69398